Проект приказа Верховного главнокомандующего № 20 о праздничном салюте в честь праздника 1 мая

RUSMARC
00004452cbm0a2200301#x 450
001598ac748-4dee-4f7d-9646-66f4d7c7ec00
00520250506151834.0
100##$a20250506j19450501k###0rusy50 ca
1010#$arus
102##$aRU
105##$ay###z########
1220#$ad19450501##
2001#$aПроект приказа Верховного главнокомандующего № 20 о праздничном салюте в честь праздника 1 мая
$j1 мая 1945 г.
251##$cДокумент
300##$aПодлинник
461#0$12001
$aФ. 558
$1251
$cФонд
$1852
$j558
462#0$12001
$aОп. 11
$1251
$cОпись
$1852
$j11
462#0$12001
$aД. 461
$vЛ. 77-81
$1251
$cДело
$1852
$j461
605##$2prlib_sh
$3LIBNET\UAF\0000088514
$aВторая мировая война в архивных документах (Комплекс оцифрованных архивных документов, кино- и фотоматериалов)
$lколлекция
605##$2acquisition_Prlib
$3DITM\AF\0000002775
$aВласть
$lколлекция
605##$2acquisition_Prlib
$3DITM\AF\0000003834
$aНарод
$lколлекция
6061#$2prlib_sh
$3LIBNET\UAF\0000058377
$aДень международной солидарности трудящихся
$yСССР
$jДокументы и материалы
686##$a63.3(2)622,13ю1
$vLBC/M
$2rubbk
801#0$aRU
$bПБ им. Б.Н. Ельцина
$c20250506
801#1$aRU
$bПБ им. Б.Н. Ельцина
$c20250506
$2rusmarc
801#2$aRU
$bПБ им. Б.Н. Ельцина
$c20250506
$2rusmarc
850##$aРоссийский государственный архив социально-политической истории
852##$aРГАСПИ
$jЛ. 77-81
035##$aLIBNET\0001471913
937##$d196714050
$hФедеральное архивное агентство
8564#$uhttp://readingroom.main.prlib.ru/item.aspx?id_node=n196714050&mode=full
Формат отображения